000 00365nam a2200157Ia 4500
008 221030s9999 xx 000 0 und d
020 _a818909338X
041 _aEnglish
082 _a105.23
_bHen
100 _aW. Henry
245 0 _aDictionary Of IT
_cby W. Henry
260 _bLotus Press
_aNew Delhi
_c2004
300 _a192
650 _aDictionary
942 _cBK
999 _c119
_d119